Quest: (Record no. 207279)

MARC details
000 -LEADER
fixed length control field 00713nam a22002057a 4500
005 - DATE AND TIME OF LATEST TRANSACTION
control field 20241202121118.0
010 ## - LCCN (DPL NO)
LC control number ENG-142746
020 ## - INTERNATIONAL STANDARD BOOK NUMBER
International Standard Book Number 9788193339596
Terms of availability 200.00
035 ## - SYSTEM CONTROL NUMBER
System control number EN-126278
037 ## - SOURCE OF ACQUISITION
Source of stock number/acquisition DBAD
082 ## - DEWEY DECIMAL CLASSIFICATION NUMBER
Classification number 614.1
Edition number 1
100 ## - MAIN ENTRY--PERSONAL NAME
Personal name Chakraborty, Abhishek
245 ## - TITLE STATEMENT
Title Quest:
Remainder of title A Key to UG Forensic Medicine & Toxiocology/
Statement of responsibility, etc by Abhishek Chakraborty [and] Swarup Mondal
250 ## - EDITION STATEMENT
Edition statement 1
260 ## - PUBLICATION, DISTRIBUTION, ETC. (IMPRINT)
Place of publication, distribution, etc New Delhi
Name of publisher, distributor, etc Global Academic Publishers & Distributors
Date of publication, distribution, etc 2017
270 ## - ADDRESS
Address F-8, 1st Floor, 'Hari Sadan' 20, Ansari Road, Daryaganj,
City New Delhi
Postal code 110002
300 ## - PHYSICAL DESCRIPTION
Extent 135p.
Other physical details Index
Dimensions 24cm(pb)
700 ## - ADDED ENTRY--PERSONAL NAME
Personal name Mondal, Swarup
Relator term Author
9 (RLIN) 74461
942 ## - ADDED ENTRY ELEMENTS (KOHA)
Source of classification or shelving scheme Dewey Decimal Classification
Item type English Books
Call number suffix CHA
Classification part 614.1
Holdings
Withdrawn status Lost status Not for loan Collection code Home library Current library Date acquired Source of acquisition Cost, normal purchase price Full call number Barcode Copy number Cost, replacement price Koha item type
      Non-fiction Ashok Vihar Ashok Vihar 02/12/2024 Delivery of Books Act Division 200.00 CHA 614.1 EN-126278 1 200.00 English Books

© Delhi Public Library
Hit Counter
free hit counter